000 00281nam a22001217a 4500
008 181106b xxu||||| |||| 00| 0 eng d
041 _aeng
080 _a618
100 _a10
101 _aONC
245 _aAdvabces In Radition Oncology Physics
_cPurdy.J.A
942 _2udc
_cBK
999 _c52043
_d52043